[Event "RUS-chT blitz"]
[Site "Sochi"]
[Date "2018.10.10"]
[Round "15.9"]
[White "Gogolev, Artem"]
[Black "Grigoriants, Boris"]
[Result "1-0"]
[WhiteElo "2389"]
[BlackElo "1914"]
[PlyCount "61"]
[EventDate "2018.10.10"]
[EventType "team-swiss (blitz)"]
[EventRounds "15"]
[EventCountry "RUS"]
[SourceTitle "CBM 186 Extra"]
[Source "ChessBase"]
[SourceDate "2018.08.24"]
[SourceVersion "1"]
[SourceVersionDate "2018.08.24"]
[SourceQuality "1"]
[WhiteTeam "Vologodsk Region"]
[BlackTeam "Stavropol Region II"]
[WhiteTeamCountry "RUS"]
[BlackTeamCountry "RUS"]

1. Nf3 Nf6 2. g3 g6 3. b3 Bg7 4. Bb2 d6 5. d4 0-0 6. Bg2 Nbd7 7. Nbd2 Re8 8. 0-0 e5 9. dxe5 dxe5 10. e4 Qe7 11. Re1 Rd8 12. Qe2 Ne8 13. Nc4 b6 14. Ba3 c5 15. Ne3 Nc7 16. Red1 Bb7 17. Nd2 Nf8 18. Ndc4 Nfe6 19. c3 Rxd1+ 20. Rxd1 Rd8 21. Nd5 Nxd5 22. exd5 Ng5 23. h4 b5 24. Na5 b4 25. cxb4 cxb4 26. Bb2 Rd6 27. Nxb7 Qxb7 28. hxg5 a5 29. Rc1 a4 30. bxa4 Qa7 31. Rc5 1-0

[Event "RUS-chT blitz"]
[Site "Sochi"]
[Date "2018.10.10"]
[Round "2.8"]
[White "Kostin, Alexey"]
[Black "Grigoriants, Boris"]
[Result "1-0"]
[WhiteElo "2253"]
[BlackElo "1914"]
[PlyCount "101"]
[EventDate "2018.10.10"]
[EventType "team-swiss (blitz)"]
[EventRounds "15"]
[EventCountry "RUS"]
[SourceTitle "CBM 186 Extra"]
[Source "ChessBase"]
[SourceDate "2018.08.24"]
[SourceVersion "1"]
[SourceVersionDate "2018.08.24"]
[SourceQuality "1"]
[WhiteTeam "Moscow Liga Tsifrovoy Ekonomiki"]
[BlackTeam "Stavropol Region II"]
[WhiteTeamCountry "RUS"]
[BlackTeamCountry "RUS"]

1. e4 e5 2. Nf3 Nc6 3. Bc4 Bc5 4. c3 Nf6 5. d4 exd4 6. cxd4 Bb4+ 7. Bd2 Nxe4 8. Bxb4 Nxb4 9. Bxf7+ Kf8 10. 0-0 Kxf7 11. Qb3+ Kf8 12. Qxb4+ Qe7 13. Qxe7+ Kxe7 14. Re1 d5 15. Nc3 c6 16. Nxe4 dxe4 17. Rxe4+ Kf6 18. Rae1 Bf5 19. Re7 Rab8 20. h3 h5 21. Rc7 Rhc8 22. Ree7 Rxc7 23. Rxc7 g5 24. Ne5 a5 25. Nd7+ Bxd7 26. Rxd7 a4 27. d5 cxd5 28. Rxd5 b5 29. a3 b4 30. Ra5 bxa3 31. bxa3 Rb1+ 32. Kh2 Rb2 33. f3 Ra2 34. Rxa4 Kf5 35. h4 gxh4 36. Rxh4 Rxa3 37. Rxh5+ Kf4 38. Rh4+ Kg5 39. Kg3 Rb3 40. Rc4 Rb5 41. f4+ Kf5 42. Kh4 Rb1 43. g4+ Kg6 44. Rc6+ Kf7 45. Kg5 Rb5+ 46. f5 Rd5 47. Rc7+ Kg8 48. Kg6 Rd6+ 49. f6 Rd8 50. Rg7+ Kf8 51. Rh7 1-0

[Event "RUS-chT blitz"]
[Site "Sochi"]
[Date "2017.10.05"]
[Round "15"]
[White "Shirov, Alexei"]
[Black "Grigoriants, Boris"]
[Result "1-0"]
[WhiteElo "2630"]
[BlackElo "1772"]
[PlyCount "35"]
[EventDate "2017.10.05"]
[EventType "team-swiss (blitz)"]
[EventRounds "15"]
[EventCountry "RUS"]
[SourceTitle "CBM 181 Extra"]
[Source "ChessBase"]
[SourceDate "2017.12.12"]
[SourceVersion "1"]
[SourceVersionDate "2017.12.12"]
[SourceQuality "1"]
[WhiteTeam "Urals Sima Land"]
[BlackTeam "Stavropol Region"]
[WhiteTeamCountry "RUS"]
[BlackTeamCountry "RUS"]

1. e4 e5 2. Nf3 Nc6 3. Bb5 a6 4. Ba4 Nf6 5. 0-0 b5 6. Bb3 Be7 7. a4 b4 8. d4 d6 9. dxe5 dxe5 10. Bd5 Bb7 11. c4 bxc3 12. Nxc3 Qd6 13. Bxf7+ Kxf7 14. Qb3+ Ke8 15. Qxb7 Rd8 16. Qxa6 Ng4 17. h3 Nf6 18. Nb5 1-0

[Event "RUS-chT U14"]
[Site "Sochi"]
[Date "2017.05.02"]
[Round "2.2"]
[White "Grigoriants, Boris"]
[Black "Kytin, Makar"]
[Result "1/2-1/2"]
[WhiteElo "1731"]
[BlackElo "2120"]
[PlyCount "83"]
[EventDate "2017.05.01"]
[EventType "team-tourn"]
[EventRounds "9"]
[EventCountry "RUS"]
[SourceTitle "CBM 178 Extra"]
[Source "ChessBase"]
[SourceDate "2017.06.22"]
[SourceVersion "1"]
[SourceVersionDate "2017.06.22"]
[SourceQuality "1"]

1. e4 c5 2. Nf3 e6 3. d3 Nc6 4. g3 g6 5. Bg2 Bg7 6. 0-0 Nge7 7. Nbd2 0-0 8. Re1 d5 9. e5 Qc7 10. Qe2 b6 11. Nf1 Nf5 12. c3 a5 13. Bf4 Ba6 14. h4 b5 15. g4 Nfe7 16. Qe3 b4 17. Bh6 bxc3 18. Bxg7 Kxg7 19. bxc3 d4 20. Qg5 h6 21. Qf6+ Kh7 22. c4 Nb4 23. Red1 Ned5 24. cxd5 Nxd5 25. Ng5+ hxg5 26. Qxg5 Qd8 27. Qxd8 Raxd8 28. Ng3 Nf4 29. Be4 Rb8 30. Rd2 Kg7 31. Rc1 Rh8 32. h5 gxh5 33. gxh5 Nxh5 34. Nxh5+ Rxh5 35. Rxc5 Rb5 36. Rxb5 Bxb5 37. f4 f6 38. Rg2+ Kf8 39. exf6 Rh3 40. Rb2 Be8 41. Kg2 Rh6 42. Rb8 1/2-1/2